| 000 | 03970nam a2200277 4500 | ||
|---|---|---|---|
| 003 | DO-SdBJH | ||
| 005 | 20260310205310.0 | ||
| 008 | 260305b2025 |||d|||| |||| 00| 0 spa d | ||
| 040 |
_aDO-SdBJH _bspa _cDO-SdBJH |
||
| 041 | 0 | _aspa | |
| 090 |
_aCT MA-DHIH 0004 _bEGDDHH 2025 |
||
| 100 | 1 |
_aComas Vergal, María Ivania _esustentante |
|
| 245 | 1 | 0 |
_aRol de las fuerzas armadas en apoyo a la Dirección General de Migración : _ben la interdicción migratorio en República Dominicana, periodo 2020-2024 / _cMaría Ivania Comas Vergal ; asesor Metodológico José Méndez Medina ; asesor de contenido Ramón M. Cuevas Veras. |
| 260 |
_aSanto Domingo, República Dominicana : _bUNADE, _c2025. |
||
| 300 |
_axvi, 116, [17] páginas : _bgráficas. |
||
| 502 | _aTesis y trabajo de grado (Maestría de Derechos Humanos y Derecho Internacional Humanitario)-- Universidad Nacional para la Defensa "General Juan Pablo Duarte y Díez", Escuela de Graduados en Derechos Humanos y Derecho Internacional Humanitario, Santo Domingo, 2025. | ||
| 504 | _aIncluye referencias bibliográficas, apéndices y anexos. | ||
| 505 | _aFundamento del marco legal y los acuerdos interinstitucionales que respaldan la colaboración entre las Fuerzas Armadas y la Dirección General de Migración -- Operaciones implementadas por la Dirección General de Migración en las zonas de mayor flujo migratorio de indocumentados durante el período 2020-2024 -- Rol de las Fuerzas Armadas en apoyo a la Dirección General de Migración en la prevención de la migración irregular y la gestión adecuada en términos de derechos humanos durante el período 2020-2024. | ||
| 520 | _aObjetivo: analizar el rol de las Fuerzas Armadas en apoyo a la Dirección General de Migración(DGM) en la interdicción migratoria en la Repûblica Dominicana, durante el periodo 2020-2024. Para ello se busco identificar el fundamento legal e interinstitucional que respalda esta colaboración, las operaciones ejecutadas y el impacto de dichas acciones en la prevención de la migración irregular y la protección de los derechos humanos. Metodología: El estudio se desarrollo bajo un enfoque cualitativo, con diseño no experimental, de corte longitudinal y alcance descriptivo. Se utilizo a técnica de análisis documental, complementado con entrevistas y encuestas. La población incluyo miembros de las Fuerzas Armadas, funcionarios de la DGM, expertos en derechos humanos y migrantes afectados; la muestra quedo conformada por 13 actores clave: tres militares, dos funcionarios de la DGM, tres expertos y cinco migrantes, seleccionados mediante muestreo intencional. Resultado: entre 2020 y 2024 la DGM, con apoyo militar ejecuto múltiples operativos que permitieron la detención y repatriación de miles de migrantes indocumentados concentrados principalmente en la frontera dominico-haitiana. Las estadísticas reflejan un gran incremento significativo en los controles , pero también se documentan denuncias sobre tratos inadecuados y posibles vulneraciones a derechos fundamentales derivados de la ausencia de un protocolo con enfoque de derechos humanos. Conclusión: la cooperación interinstitucional ha incrementado la eficacia en la interdicción migratoria; sin embargo se requiere armonizar estas acciones con el respeto pleno a la dignidad de los migrantes. Recomendación: apunta a establecer un protocolo nacional de actuación basado en derechos humanos, que regule la manera uniforme la participación de las Fuerzas Armadas y garantice el trato digno a todas las personas afectadas. | ||
| 610 | 7 |
_2lemb _aRepública Dominicana. _bDirección General de Migración |
|
| 610 | 7 |
_2lemb _aRepública Dominicana. _bFuerzas Armadas |
|
| 650 | 7 |
_2lemb _aSeguridad Fronteriza _vInvestigaciones _xDerechos humanos de migrantes _y2020-2024 _zRepública Dominicana |
|
| 700 | 1 |
_aMedina Méndez, José _easesor Metodológico |
|
| 700 | 1 |
_aVeras Cuevas, M Ramón _easesor de contenido |
|
| 942 |
_2CL _cT |
||
| 999 |
_c8592 _d8592 |
||